[Event "ICS rated standard match"]
[Site "204.178.125.65"]
[Date "2000.06.12"]
[Round "?"]
[White "Trap"]
[Black "Hossa"]
[Result "1/2-1/2"]
[WhiteElo "2064"]
[BlackElo "2354"]
[PlyCount "200"]
[EventDate "2000.??.??"]

1. d4 Nf6 2. c4 g6 3. Nc3 Bg7 4. e4 O-O 5. Nf3 d6 6. Be2 e5 7. O-O exd4 8. Nxd4
Re8 9. f3 Bd7 10. Be3 Nc6 11. Nxc6 Bxc6 12. Nd5 Nh5 13. Bd4 f5 14. Bxg7 Nxg7
15. Qd3 Rf8 16. Qc3 Rf7 17. exf5 Nxf5 18. Bd3 Bxd5 19. cxd5 Qg5 20. f4 Qe7 21.
Rae1 Qd7 22. Qb3 c6 23. Bc4 c5 24. Bb5 Qc7 25. Bd3 Nd4 26. Qc3 Raf8 27. f5 gxf5
28. Kh1 Re7 29. b4 b6 30. a3 Rfe8 31. Ba6 Rxe1 32. Rxe1 Rxe1+ 33. Qxe1 Kf8 34.
Qd2 Qe7 35. h3 Qh4 36. Bd3 Qg3 37. Qh6+ Kg8 38. Qd2 Kf7 39. Qd1 a5 40. Qb1 Kf6
41. bxc5 bxc5 42. a4 h6 43. Bf1 Ke5 44. Bc4 Qc3 45. Qf1 f4 46. Bb5 Kxd5 47.
Qxf4 Nxb5 48. Qf7+ Kc6 49. axb5+ Kb6 50. Qd7 Qe1+ 51. Kh2 Qe5+ 52. Kh1 Qd5 53.
Qe8 a4 54. Qb8+ Ka5 55. b6 Qd3 56. Kh2 Qa6 57. b7 Kb6 58. Qxd6+ Kxb7 59. Qe7+
Kb6 60. Qf6+ Ka7 61. Qe7+ Qb7 62. Qxc5+ Qb6 63. Qa3 Qc7+ 64. Kg1 Qf4 65. Qc5+
Kb7 66. Kh1 Qf1+ 67. Kh2 Qa6 68. Qb4+ Kc6 69. Qf4 Kd5 70. Qf5+ Kd4 71. Qf4+ Kc3
72. Qe3+ Kc2 73. Qe4+ Kd2 74. Qf4+ Ke1 75. Qc1+ Ke2 76. Qc2+ Ke3 77. Qc3+ Kf4
78. Qd4+ Kf5 79. g4+ Ke6 80. Qe4+ Kf6 81. Qf4+ Ke7 82. Qe4+ Kd8 83. Qd4+ Ke8
84. Qe5+ Kf8 85. Qf4+ Kg8 86. Qb8+ Kh7 87. Qc7+ Kg6 88. Qc2+ Kg7 89. Qc7+ Kf8
90. Qf4+ Kg7 91. Qd4+ Kg6 92. Qe4+ Kf7 93. Qf4+ Kg6 94. Qe4+ Kf7 95. Qf4+ Kg6
96. Qe4+ Kf7 97. Qf4+ Kg6 98. Qe4+ Kf7 99. Qf4+ Kg6 100. Qe4+ Kf7 1/2-1/2

[Event "ICS rated standard match"]
[Site "204.178.125.65"]
[Date "2000.06.12"]
[Round "?"]
[White "Hossa"]
[Black "chaster"]
[Result "1-0"]
[WhiteElo "2343"]
[BlackElo "2200"]
[PlyCount "41"]
[EventDate "2000.??.??"]

1. Nf3 d5 2. b3 c6 3. Bb2 Nf6 4. c4 Bg4 5. Ne5 Bf5 6. cxd5 cxd5 7. Nc3 Nbd7 8.
Nb5 a6 9. Nd4 Nxe5 10. Nxf5 Nc6 11. e3 e6 12. Nd4 Rc8 13. Nxc6 Rxc6 14. Be2 Bd6
15. Rc1 Qc7 16. Rxc6 Qxc6 17. O-O O-O 18. Bxf6 gxf6 19. d4 Rc8 20. Bd3 Kh8 21.
Qh5 {chaster resigns} 1-0

[Event "ICS rated standard match"]
[Site "204.178.125.65"]
[Date "2000.06.12"]
[Round "?"]
[White "Shatar"]
[Black "Hossa"]
[Result "0-1"]
[WhiteElo "2239"]
[BlackElo "2343"]
[PlyCount "42"]
[EventDate "2000.??.??"]

1. d4 Nf6 2. c4 g6 3. Nc3 Bg7 4. e4 O-O 5. Be2 d6 6. Bg5 Nbd7 7. Nf3 h6 8. Be3
Ng4 9. Bc1 e5 10. d5 f5 11. Nd2 Nc5 12. Bxg4 Nd3+ 13. Kf1 fxg4 14. f3 Qh4 15.
Ke2 Nf4+ 16. Kf1 Nxg2 17. Kxg2 gxf3+ 18. Nxf3 Bh3+ 19. Kg1 Rxf3 20. Qxf3 Qe1+
21. Qf1 Qxf1# {Shatar checkmated} 0-1

[Event "ICS rated standard match"]
[Site "204.178.125.65"]
[Date "2000.06.12"]
[Round "?"]
[White "GodsProperty"]
[Black "Hossa"]
[Result "1/2-1/2"]
[WhiteElo "2360"]
[BlackElo "2354"]
[PlyCount "126"]
[EventDate "2000.??.??"]

1. d4 Nf6 2. Nf3 d5 3. c4 e6 4. Bg5 dxc4 5. e4 b5 6. a4 c6 7. Nc3 b4 8. Nb1 Be7
9. Bxc4 Nxe4 10. Bxe7 Qxe7 11. Qc2 Nf6 12. O-O O-O 13. Nbd2 Nbd7 14. Be2 Bb7
15. Ng5 Rac8 16. Nxh7 Nxh7 17. Bd3 Nhf6 18. Be4 Qd6 19. Qd3 Qf4 20. g3 Qg4 21.
Bg2 Rfd8 22. f4 Qh5 23. Rfc1 g6 24. a5 Nc5 25. Qc4 Na6 26. Re1 Rd7 27. Re5 Qh8
28. h3 Rcd8 29. Nb3 Nd5 30. Rd1 Qh6 31. Qc2 Re8 32. Re2 Qf8 33. Rc1 Qg7 34.
Rce1 Red8 35. Re4 Ne7 36. Nc5 Nxc5 37. Qxc5 Nf5 38. Re5 Nxg3 39. Qxa7 Ba8 40.
Qb6 Rxd4 41. Rg5 Nh5 42. Rf1 Qf8 43. Qc7 Rd2 44. b3 R8d3 45. Rf2 Rxf2 46. Kxf2
Rxb3 47. Bf3 Ng7 48. Re5 Nf5 49. a6 f6 50. Ra5 Rb2+ 51. Kg1 Nd4 52. Bg4 f5 53.
Kf1 fxg4 54. Rg5 Qe8 55. Rxg4 Rb1+ 56. Kf2 Nb5 57. Qe5 Nc3 58. Rh4 Ne4+ 59. Kg2
Rb2+ 60. Kg1 Rb1+ 61. Kg2 Rb2+ 62. Kg1 Rb1+ 63. Kg2 Rb2+ 1/2-1/2

[Event "ICS Rated standard match"]
[Site "204.178.125.65"]
[Date "2000.06.12"]
[Round "?"]
[White "Hossa"]
[Black "GodsProperty"]
[Result "0-1"]
[WhiteElo "2354"]
[BlackElo "2360"]
[PlyCount "122"]
[EventDate "2000.??.??"]

1. Nf3 d5 2. b3 Bg4 3. Ne5 Bh5 4. g4 f6 5. gxh5 fxe5 6. e4 e6 7. Qg4 Qd7 8. Bh3
Nc6 9. exd5 Qxd5 10. O-O Nf6 11. Qd1 O-O-O 12. Nc3 Qd7 13. d3 Bb4 14. Na4 Kb8
15. a3 Be7 16. Nc3 Rhf8 17. Bb2 Bc5 18. Rb1 Qf7 19. Bg2 e4 20. Nxe4 Nxe4 21.
Bxe4 Qf4 22. Qe2 Nd4 23. Bxd4 Bxd4 24. Bxh7 Rd5 25. Bg6 Ra5 26. Rbd1 Rxa3 27.
b4 Ra4 28. Rb1 Ra2 29. b5 Qg5+ 30. Kh1 Qd5+ 31. f3 Rf6 32. Rfe1 Qc5 33. Rec1
Bf2 34. Ra1 Rb2 35. Be8 Be3 36. Re1 Bf4 37. b6 cxb6 38. Ba4 Rh6 39. Rg1 Qc3 40.
Qf1 b5 41. Rg4 Bxh2 42. Qf2 Bc7 43. Bb3 a5 44. Re1 a4 45. Bxe6 Rxc2 46. Qe3
Rh2+ 47. Kg1 Qb2 48. Re2 Rxe2 49. Qxe2 Qxe2 50. Bf7 Bh2+ 51. Kh1 Qxf3+ 52. Kxh2
Qxg4 53. d4 Rf6 54. Bd5 Qxh5+ 55. Kg1 Qxd5 56. Kh2 Qxd4 57. Kh3 Rf3+ 58. Kg2
Qf2+ 59. Kh1 Qa2 60. Kg1 Rb3 61. Kf1 Rb1# {Hossa checkmated} 0-1

[Event "ICS Rated standard match"]
[Site "204.178.125.65"]
[Date "2000.06.12"]
[Round "?"]
[White "jossu"]
[Black "Hossa"]
[Result "1-0"]
[WhiteElo "2195"]
[BlackElo "2340"]
[PlyCount "93"]
[EventDate "2000.??.??"]

1. d4 Nf6 2. Nf3 d5 3. g3 c5 4. c3 e6 5. Bg2 Nc6 6. O-O Bd6 7. b3 Qe7 8. Bb2
O-O 9. Nbd2 e5 10. e3 Bf5 11. c4 Bd3 12. Re1 cxd4 13. exd4 e4 14. a3 Rac8 15.
cxd5 Na5 16. Ne5 Bc2 17. Qe2 Nxb3 18. Nxb3 Bxb3 19. Bxe4 Nxe4 20. Qxe4 Rc2 21.
Bc1 f6 22. Nd3 Qxe4 23. Rxe4 Bxd5 24. Re1 Rd8 25. Nb4 Bxb4 26. axb4 Rc4 27. Be3
Rxb4 28. Rxa7 Re8 29. Rea1 Rb2 30. R7a5 b5 31. Rc1 Be4 32. h3 Bf5 33. g4 Be4
34. Ra7 b4 35. Rcc7 Rb1+ 36. Kh2 Rh1+ 37. Kg3 Rg1+ 38. Kh4 g5+ 39. Bxg5 fxg5+
40. Kxg5 b3 41. f3 b2 42. fxe4 h6+ 43. Kxh6 b1=Q 44. Rg7+ Kh8 45. Rh7+ Kg8 46.
Rag7+ Kf8 47. Rh8# {Hossa checkmated} 1-0

[Event "ICS rated standard match"]
[Site "204.178.125.65"]
[Date "2000.06.12"]
[Round "?"]
[White "foreest"]
[Black "Hossa"]
[Result "0-1"]
[WhiteElo "2017"]
[BlackElo "2331"]
[PlyCount "32"]
[EventDate "2000.??.??"]

1. Nf3 d5 2. g3 Nf6 3. Bg2 e6 4. c4 dxc4 5. Qa4+ Bd7 6. Qxc4 Nc6 7. O-O Bd6 8.
d4 O-O 9. Nc3 a6 10. e4 e5 11. d5 Na7 12. a4 Qe7 13. h3 Nb5 14. Be3 Nxc3 15.
bxc3 b5 16. axb5 Bxb5 {foreest resigns} 0-1

[Event "ICS rated standard match"]
[Site "204.178.125.65"]
[Date "2000.06.13"]
[Round "?"]
[White "Hossa"]
[Black "Tapalque"]
[Result "1-0"]
[WhiteElo "2336"]
[BlackElo "2089"]
[PlyCount "49"]
[EventDate "2000.??.??"]

1. d4 Nf6 2. Nf3 g6 3. Nc3 d5 4. Bf4 Bg7 5. e3 c6 6. Bd3 Nbd7 7. Ne2 Nh5 8. Bg5
Qb6 9. b3 h6 10. Bh4 g5 11. Bg3 Nxg3 12. Nxg3 Nf6 13. Qd2 Be6 14. O-O-O a5 15.
h4 g4 16. Ne5 h5 17. Bf5 Nd7 18. Bxe6 Nxe5 19. Nf5 Bf6 20. Bxd5 cxd5 21. dxe5
Bxe5 22. Qxd5 Qf6 23. Qd7+ Kf8 24. Qd8+ Rxd8 25. Rxd8# {Tapalque checkmated}
1-0

[Event "ICS Rated standard match"]
[Site "204.178.125.65"]
[Date "2000.06.13"]
[Round "?"]
[White "MissSilicon"]
[Black "Hossa"]
[Result "0-1"]
[WhiteElo "2449"]
[BlackElo "2340"]
[PlyCount "117"]
[EventDate "2000.??.??"]

1. d4 Nf6 2. c4 g6 3. Nc3 Bg7 4. e4 O-O 5. f4 d6 6. Be2 c5 7. d5 e6 8. Nf3 exd5
9. exd5 Re8 10. O-O Bf5 11. Bd3 Ne4 12. Ne2 Na6 13. a3 Bg4 14. h3 Bxf3 15. Rxf3
f5 16. Bc2 Nc7 17. Ba4 Re7 18. Rb3 Rb8 19. Re3 b5 20. cxb5 Nxb5 21. Qc2 Nd4 22.
Qd1 Nxe2+ 23. Rxe2 Ng3 24. Rxe7 Qxe7 25. Kh2 Ne2 26. Ra2 Nxc1 27. Qxc1 Qe2 28.
Qc2 Qxc2 29. Bxc2 Bxb2 30. g4 fxg4 31. hxg4 c4 32. Kg3 c3 33. Kf3 Kg7 34. f5
gxf5 35. gxf5 Re8 36. a4 Re5 37. a5 Rxd5 38. Ra4 Rd2 39. Rg4+ Kf8 40. Rg2 Rd5
41. f6 Rxa5 42. Rg7 d5 43. Bxh7 Ra6 44. Rg8+ Kf7 45. Rg7+ Ke6 46. Bd3 Ra5 47.
f7 Ba3 48. Bg6 Bf8 49. Rg8 Ke7 50. Ke2 Ra2+ 51. Kd1 d4 52. Kc1 Rh2 53. Be4 Kxf7
54. Rg2 Rxg2 55. Bxg2 d3 56. Bd5+ Ke7 57. Bb3 Bh6+ 58. Kb1 c2+ 59. Bxc2 {
MissSilicon resigns} 0-1

[Event "ICS rated standard match"]
[Site "204.178.125.65"]
[Date "2000.06.13"]
[Round "?"]
[White "Hossa"]
[Black "chess-bomber"]
[Result "1-0"]
[WhiteElo "2361"]
[BlackElo "2002"]
[PlyCount "45"]
[EventDate "2000.??.??"]

1. d4 Nf6 2. Nf3 g6 3. Nc3 d6 4. e4 Nbd7 5. e5 Ng4 6. Ng5 Nh6 7. e6 Nf6 8. Bc4
Bg7 9. exf7+ Kf8 10. Be6 c6 11. O-O Qa5 12. Re1 Bxe6 13. Nxe6+ Kxf7 14. Nxg7
Kxg7 15. Rxe7+ Nf7 16. Bh6+ Kxh6 17. Rxf7 Rhf8 18. Rxb7 g5 19. Qf3 d5 20. Re1
Kg6 21. Re5 Rf7 22. Qf5+ Kg7 23. Qxg5+ 1-0

[Event "ICS rated standard match"]
[Site "204.178.125.65"]
[Date "2000.06.13"]
[Round "?"]
[White "chess-bomber"]
[Black "Hossa"]
[Result "0-1"]
[WhiteElo "1998"]
[BlackElo "2365"]
[PlyCount "66"]
[EventDate "2000.??.??"]

1. g3 d5 2. Bg2 e5 3. d3 Nc6 4. Nd2 Nf6 5. c3 Bd6 6. Qc2 O-O 7. h3 Qe7 8. e4
Be6 9. Ngf3 dxe4 10. dxe4 Rad8 11. O-O h6 12. b4 Qd7 13. Kh2 a5 14. a3 Ra8 15.
Bb2 Rfd8 16. Rfe1 Nh7 17. Bf1 Ng5 18. Nxg5 hxg5 19. Nc4 Bxc4 20. Bxc4 g4 21. h4
Be7 22. Rad1 Bd6 23. Be2 Qe6 24. Rd2 Be7 25. Red1 axb4 26. cxb4 Nd4 27. Bxd4
exd4 28. Rxd4 Rxd4 29. Rxd4 Qf6 30. Rd3 Qxf2+ 31. Kh1 Bxh4 32. gxh4 g3 33. Rxg3
Qxg3 0-1

[Event "ICS rated standard match"]
[Site "204.178.125.65"]
[Date "2000.06.13"]
[Round "?"]
[White "Hossa"]
[Black "gambitmaster"]
[Result "1-0"]
[WhiteElo "2368"]
[BlackElo "2388"]
[PlyCount "172"]
[EventDate "2000.??.??"]

1. d4 Nf6 2. Nf3 e6 3. c4 b6 4. a3 Ba6 5. b3 c5 6. d5 Bd6 7. Nc3 O-O 8. Bg5 h6
9. Bxf6 Qxf6 10. Ne4 Qf4 11. Qd3 f5 12. Nc3 Be7 13. e3 Qd6 14. Be2 e5 15. e4
Qf6 16. O-O-O d6 17. exf5 Qxf5 18. Qxf5 Rxf5 19. Bd3 Rf7 20. h4 Nd7 21. Kb1 Bb7
22. Bg6 Rf4 23. Rde1 a6 24. Bd3 Raf8 25. Rh3 a5 26. h5 Kh8 27. Bg6 Nb8 28. Rhh1
Kg8 29. Re2 Bc8 30. Rb2 Kh8 31. Ne4 Nd7 32. Rc1 Nf6 33. Nc3 Bb7 34. Rg1 Nd7 35.
Rd2 Ba6 36. Rh1 Kg8 37. Rc2 Bc8 38. Ne2 R4f6 39. Rf1 Nb8 40. Ng3 Rf4 41. Re1
Bd7 42. Rb2 b5 43. Rc1 b4 44. a4 Na6 45. Re1 Nc7 46. Ne4 Rg4 47. Rd2 Rxg2 48.
Nxe5 dxe5 49. d6 Bxd6 50. Rxd6 Bg4 51. Nxc5 Rgxf2 52. Rxe5 Rf1+ 53. Kc2 R8f2+
54. Rd2 Bd1+ 55. Kd3 Rf3+ 56. Kd4 Rf8 57. Be4 R8f7 58. Bg2 Rg1 59. Bb7 Bg4 60.
Be4 Rc1 61. Bg6 Rf6 62. Nd3 Rc3 63. Rxa5 Rxb3 64. Ra7 Ne6+ 65. Ke5 Nf8 66. Ra8
Rc3 67. Kd4 Be6 68. Ne5 Rf4+ 69. Kc5 Bxc4 70. Kxb4 Rc1 71. Nxc4 Rfxc4+ 72. Kb3
R1c3+ 73. Kb2 Rf3 74. a5 Rb4+ 75. Kc1 Rf1+ 76. Kc2 Ra4 77. Rdd8 Ra3 78. Kb2 Re3
79. a6 Re5 80. a7 Ra5 81. Be4 g5 82. hxg6 Rf2+ 83. Kb3 Kg7 84. Rdb8 Kg8 85. Rb7
Rg5 86. Re8 Rg3+ 1-0

[Event "ICS Rated standard match"]
[Site "204.178.125.65"]
[Date "2000.06.13"]
[Round "?"]
[White "gambitmaster"]
[Black "Hossa"]
[Result "0-1"]
[WhiteElo "2371"]
[BlackElo "2385"]
[PlyCount "166"]
[EventDate "2000.??.??"]

1. d4 Nf6 2. c4 g6 3. Nf3 Bg7 4. g3 O-O 5. Bg2 c6 6. O-O d5 7. Na3 Bf5 8. Bf4
Nbd7 9. Ne5 Nb6 10. c5 Nbd7 11. Qb3 Qc8 12. Nxd7 Nxd7 13. e3 e5 14. Bxe5 Bxe5
15. dxe5 Qc7 16. Qc3 Nxe5 17. Rad1 Rfe8 18. Nc2 Qc8 19. Rfe1 Bg4 20. Rd2 Bf3
21. Bf1 Qg4 22. Nd4 Re7 23. a3 Rae8 24. Qa5 a6 25. Qa4 Rc7 26. h3 Qh5 27. b4
Qg5 28. Qb3 Qh6 29. Ra1 Qg7 30. Raa2 Rce7 31. h4 Rd7 32. a4 Rc7 33. Qa3 Qf6 34.
a5 Be4 35. Be2 Nf3+ 36. Bxf3 Bxf3 37. Qc3 Rce7 38. Ra1 Rd8 39. Rc1 Rf8 40. Rcc2
Re4 41. Rb2 Ra8 42. Kf1 Rae8 43. Rbc2 Bg4 44. Kg1 Bh3 45. Rb2 R4e7 46. Qd3 Qe5
47. Kh2 Bg4 48. Ra2 Qf6 49. Kg2 Re4 50. Kg1 h6 51. Rab2 Bh3 52. Qe2 Qd8 53. Rb3
Qd7 54. Qf3 f5 55. Qd1 R4e7 56. Qc2 Rf7 57. Kh2 Bg4 58. Rbd3 Qc7 59. Kg2 Rfe7
60. Qc3 Qe5 61. Kg1 f4 62. gxf4 Qh5 63. Qc1 Qxh4 64. Qf1 g5 65. f3 Bh3 66. Qf2
Qh5 67. Qg3 Rg7 68. f5 g4 69. f4 Rge7 70. Kf2 Qf7 71. Qh4 Qh7 72. Rd1 Rf8 73.
Qh5 g3+ 74. Kxg3 Bxf5 75. Nxf5 Rxf5 76. Qf3 Rf6 77. Kh3 Rg7 78. Kh2 Rfg6 79.
R1d2 Rg4 80. Qxg4 Rxg4 81. e4 Qxe4 82. Kh3 h5 83. Rg3 Rxg3+ 0-1

[Event "ICS rated standard match"]
[Site "204.178.125.65"]
[Date "2000.06.13"]
[Round "?"]
[White "Hossa"]
[Black "Tinker"]
[Result "1-0"]
[WhiteElo "2400"]
[BlackElo "2367"]
[PlyCount "91"]
[EventDate "2000.??.??"]

1. d4 Nf6 2. Nf3 d5 3. g3 e6 4. Bg2 Nc6 5. O-O Bd6 6. c4 O-O 7. cxd5 exd5 8.
Nc3 Bf5 9. Bg5 Be7 10. Ne5 Rb8 11. e3 Nxe5 12. dxe5 Ng4 13. Bxe7 Qxe7 14. Nxd5
Qd7 15. e4 Be6 16. f4 c6 17. f5 Bxd5 18. Qxg4 Bc4 19. Rfd1 Qc8 20. Qg5 Kh8 21.
Rd4 Ba6 22. Rad1 Rg8 23. Rd7 Qf8 24. R1d6 Re8 25. f6 Re6 26. Rxe6 fxe6 27.
fxg7+ Rxg7 28. Rxg7 Qxg7 29. Qd8+ Qg8 30. Qf6+ Qg7 31. Qxe6 Qf8 32. Qd6 Kg7 33.
Bh3 Qf3 34. Qe7+ Kh8 35. Qf6+ Qxf6 36. exf6 Kg8 37. Be6+ Kf8 38. e5 Bd3 39. g4
a5 40. Bf5 Bxf5 41. gxf5 Kf7 42. Kf1 a4 43. a3 c5 44. Ke2 b5 45. Kd3 h6 46. Ke4
{Tinker resigns} 1-0

[Event "ICS rated blitz match"]
[Site "204.178.125.65"]
[Date "2000.06.13"]
[Round "?"]
[White "PostModernist"]
[Black "Hossa"]
[Result "1-0"]
[WhiteElo "2624"]
[BlackElo "2409"]
[PlyCount "157"]
[EventDate "2000.??.??"]

1. d4 Nf6 2. c4 g6 3. Nc3 Bg7 4. e4 O-O 5. Nf3 d6 6. Be2 e5 7. O-O exd4 8. Nxd4
Re8 9. f3 Bd7 10. Be3 Nc6 11. Qd2 Nxd4 12. Bxd4 b6 13. b3 a6 14. Rfd1 Nh5 15.
Bxg7 Nxg7 16. Nd5 f5 17. Qd4 Rf8 18. Bd3 Ne6 19. Qc3 fxe4 20. Bxe4 Rc8 21. Nb4
a5 22. Nd5 c6 23. Ne3 d5 24. Ng4 d4 25. Qd2 Qc7 26. g3 Rce8 27. Qh6 c5 28. Re1
Ng7 29. Bd5+ Be6 30. Qg5 Bxd5 31. Rxe8 Nxe8 32. Qxd5+ Kh8 33. Re1 Ng7 34. Ne5
Nf5 35. Qd7 Qxd7 36. Nxd7 Rf7 37. Nxb6 Ne3 38. Na4 Rc7 39. Kf2 Rc6 40. f4 Kg8
41. Kf3 Kf8 42. g4 Rc8 43. h4 Kf7 44. Nb6 Rd8 45. h5 Kg7 46. Na4 Rc8 47. Rh1
Kg8 48. hxg6 hxg6 49. Nc3 Nc2 50. Ne4 Rc6 51. f5 gxf5 52. gxf5 Nb4 53. Rh2 Nd3
54. Ng5 Rc7 55. Ke4 Rg7 56. Ne6 Rg3 57. Kd5 Rf3 58. Rg2+ Kh8 59. Nxc5 Nxc5 60.
Kxc5 d3 61. Kd4 Rxf5 62. Kxd3 Rh5 63. Kd4 Rf5 64. c5 Rf4+ 65. Kd5 Rf5+ 66. Kc6
Rf4 67. Kb5 Rf1 68. Kxa5 Rf6 69. Kb5 Kh7 70. c6 Rf5+ 71. Kb6 Rf6 72. Kb7 Rf4
73. c7 Rb4+ 74. Kc6 Rf4 75. c8=Q Rf6+ 76. Kb5 Rg6 77. Qf5 Kg7 78. Rxg6+ Kh7 79.
Qh5# {Hossa checkmated} 1-0

[Event "ICS Rated standard match"]
[Site "204.178.125.65"]
[Date "2000.06.13"]
[Round "?"]
[White "Tinker"]
[Black "Hossa"]
[Result "0-1"]
[WhiteElo "2353"]
[BlackElo "2414"]
[PlyCount "144"]
[EventDate "2000.??.??"]

1. e4 e6 2. Nf3 Nf6 3. e5 Nd5 4. d4 d6 5. Bb5+ c6 6. Be2 dxe5 7. dxe5 Bc5 8. c4
Nb4 9. Qxd8+ Kxd8 10. Na3 Kc7 11. Ng5 f6 12. Ne4 Bd4 13. exf6 gxf6 14. O-O Nd7
15. Rd1 e5 16. Bd2 a5 17. Bc3 Bxc3 18. bxc3 Na6 19. Nd6 Nb6 20. Rd2 Nc5 21.
Nxc8 Raxc8 22. Rc2 Rcd8 23. Bg4 Rhg8 24. h3 Nc8 25. Rd1 Nd6 26. Re2 b6 27. Red2
Nde4 28. Rc2 Rxd1+ 29. Bxd1 f5 30. Nb1 Nd3 31. f3 Nd6 32. Rd2 e4 33. Bb3 Nc5
34. fxe4 fxe4 35. Re2 h6 36. Bc2 Re8 37. Nd2 a4 38. Kf2 a3 39. g4 b5 40. cxb5
cxb5 41. Ke3 Kc6 42. Rf2 Re6 43. Rf8 Kd5 44. Rd8 Ke5 45. Ra8 Re7 46. Rxa3 h5
47. Bd1 hxg4 48. hxg4 Rh7 49. Be2 Rh3+ 50. Kf2 Na4 51. Nf1 Rxc3 52. Rb3 Rc2 53.
Ne3 Rxa2 54. Kf1 Nc5 55. Rb1 Ra3 56. Nc2 Rh3 57. Kg2 Rc3 58. Bd1 Ne6 59. Kf1
Nf4 60. Rb4 Rh3 61. Kg1 Nd5 62. Rb2 Rd3 63. Be2 Rd2 64. Bf1 b4 65. g5 b3 66.
Rxb3 Rxc2 67. Ra3 Rc1 68. Kg2 Nf5 69. Ba6 Kf4 70. Rh3 Nde3+ 71. Kf2 Ng4+ 72.
Kg2 Nd4 {Tinker resigns} 0-1

[Event "ICS rated standard match"]
[Site "204.178.125.65"]
[Date "2000.06.13"]
[Round "?"]
[White "gambitmaster"]
[Black "Hossa"]
[Result "1-0"]
[WhiteElo "2330"]
[BlackElo "2427"]
[PlyCount "86"]
[EventDate "2000.??.??"]

1. d4 Nf6 2. c4 g6 3. Nc3 Bg7 4. e4 O-O 5. Bg5 d6 6. f3 Nc6 7. Nge2 Bd7 8. Qd2
Rc8 9. O-O-O e5 10. Nd5 Nxd4 11. Nxd4 exd4 12. Nxf6+ Bxf6 13. Bxf6 Qxf6 14.
Qxd4 Qxd4 15. Rxd4 Be6 16. Be2 Rfe8 17. g4 f6 18. h4 Kf7 19. f4 Re7 20. f5 Bd7
21. Rf1 Kg7 22. g5 gxf5 23. Bd3 fxg5 24. exf5 Kf6 25. hxg5+ Kxg5 26. f6 Rf7 27.
Rd5+ Kh4 28. Be2 Re8 29. Bh5 Be6 30. Rh1+ Kg3 31. Rg5+ Kf2 32. Kd2 Bxc4 33.
Rh2+ Kf1 34. b3 Rxf6 35. Bxe8 h6 36. Rg7 Ba6 37. Bd7 Rf2+ 38. Rxf2+ Kxf2 39.
Bc8 h5 40. Rxc7 h4 41. Rh7 Kg3 42. a4 h3 43. Rxh3+ Kg2 {Hossa resigns} 1-0

[Event "ICS rated standard match"]
[Site "204.178.125.65"]
[Date "2000.06.13"]
[Round "?"]
[White "Hossa"]
[Black "Esen"]
[Result "1-0"]
[WhiteElo "2407"]
[BlackElo "1960"]
[PlyCount "77"]
[EventDate "2000.??.??"]

1. d4 Nf6 2. c4 e6 3. g3 Bb4+ 4. Bd2 a5 5. Nf3 b6 6. Bg2 Bb7 7. O-O Bxd2 8.
Qxd2 d6 9. Nc3 O-O 10. Rfe1 Ne4 11. Nxe4 Bxe4 12. Qf4 Bxf3 13. Qxf3 Ra7 14. Qd3
c5 15. d5 e5 16. e4 f6 17. Bh3 g5 18. Be6+ Kh8 19. Re2 Rg7 20. Rd1 Na6 21. f3
Nc7 22. Bf5 Na6 23. Rf2 Rfg8 24. Be6 Rf8 25. Rfd2 Nc7 26. Bg4 Na6 27. b3 Qe8
28. a3 Qd8 29. Rg2 Qe7 30. Qc3 Qd8 31. Rf1 h6 32. f4 Kh7 33. Qf3 Rgg8 34. Be6
Rh8 35. fxe5 fxe5 36. Qh5 Rxf1+ 37. Kxf1 Rf8+ 38. Bf5+ Rxf5+ 39. exf5 {
Esen resigns} 1-0

[Event "ICS Rated standard match"]
[Site "204.178.125.65"]
[Date "2000.06.13"]
[Round "?"]
[White "star"]
[Black "Hossa"]
[Result "1/2-1/2"]
[WhiteElo "2527"]
[BlackElo "2409"]
[PlyCount "75"]
[EventDate "2000.??.??"]

1. d4 Nf6 2. c4 e6 3. Nc3 d5 4. Bg5 dxc4 5. e3 c5 6. Bxc4 cxd4 7. exd4 Be7 8.
Nf3 O-O 9. O-O Nc6 10. Qd2 b6 11. Rad1 Na5 12. Bd3 Bb7 13. Ne5 Nd5 14. Bxe7
Qxe7 15. Rfe1 Rac8 16. Nxd5 Bxd5 17. b3 Rfd8 18. Ba6 Bb7 19. Bxb7 Qxb7 20. Rc1
Nc6 21. Nxc6 Rxc6 22. Rxc6 Qxc6 23. Rc1 Qd5 24. Qf4 h6 25. g3 Qa5 26. Rc7 Rf8
27. a4 Qd5 28. Rxa7 Qxb3 29. Qe4 Qb4 30. h3 h5 31. Kg2 Qd6 32. a5 bxa5 33. Rxa5
Rd8 34. Rxh5 Qxd4 35. Qh7+ Kf8 36. Qc2 Kg8 37. Qh7+ Kf8 38. Qc2 1/2-1/2

[Event "ICS Rated standard match"]
[Site "204.178.125.65"]
[Date "2000.06.13"]
[Round "?"]
[White "Hossa"]
[Black "star"]
[Result "0-1"]
[WhiteElo "2414"]
[BlackElo "2522"]
[PlyCount "74"]
[EventDate "2000.??.??"]

1. d4 e6 2. Nf3 d5 3. c4 Nf6 4. Nc3 c6 5. cxd5 exd5 6. g3 Bd6 7. Bg2 Bf5 8. O-O
O-O 9. Nh4 Be6 10. Qc2 Re8 11. Nf5 Bb4 12. Bg5 h6 13. Be3 Qd7 14. Nh4 Bh3 15.
Bf4 Bxg2 16. Nxg2 c5 17. dxc5 Bxc5 18. Bxb8 Raxb8 19. e3 Rbc8 20. Nf4 g5 21.
Nd3 Bb6 22. Qa4 Qh3 23. Rfc1 d4 24. Ne2 Ng4 25. Nxd4 Qxh2+ 26. Kf1 Rcd8 27. Nf5
Nxe3+ 28. fxe3 Qh3+ 29. Kg1 Bxe3+ 30. Nxe3 Rxe3 31. Qg4 Qxg4 32. Rc2 Rxg3+ 33.
Kf1 Qh3+ 34. Ke1 Rg1+ 35. Ke2 Rg2+ 36. Nf2 Qg4+ 37. Kf1 Rg1# {Hossa checkmated}
0-1

[Event "ICS Rated standard match"]
[Site "204.178.125.65"]
[Date "2000.06.14"]
[Round "?"]
[White "star"]
[Black "Hossa"]
[Result "1/2-1/2"]
[WhiteElo "2533"]
[BlackElo "2403"]
[PlyCount "172"]
[EventDate "2000.??.??"]

1. b4 c6 2. e4 d5 3. exd5 cxd5 4. d4 Bf5 5. Bd3 Bxd3 6. Qxd3 Nd7 7. Ne2 e6 8.
Nbc3 Bxb4 9. Rb1 Bxc3+ 10. Nxc3 Nb6 11. Qb5+ Qd7 12. O-O Nf6 13. Bg5 Ne4 14.
Nxe4 dxe4 15. Rfe1 Qxb5 16. Rxb5 Rc8 17. a4 Rxc2 18. a5 Nc8 19. Rxb7 O-O 20.
Rc1 Rxc1+ 21. Bxc1 Rd8 22. Rc7 Nd6 23. Rxa7 Nb5 24. Ra6 Nxd4 25. Kf1 Nb3 26.
Bg5 f6 27. Be3 e5 28. Ke1 f5 29. Ra7 Nd4 30. Rc7 f4 31. Bxd4 exd4 32. a6 Ra8
33. a7 h5 34. Ke2 h4 35. Rb7 Kh7 36. h3 e3 37. Rd7 Kg6 38. Rxd4 Rxa7 39. fxe3
fxe3 40. Rxh4 Ra2+ 41. Kf3 Rf2+ 42. Kxe3 Rxg2 43. Kf3 Rd2 44. Rg4+ Kh5 45. Rxg7
Rd3+ 46. Kg2 Rd2+ 47. Kg3 Rd3+ 48. Kf4 Kh6 49. Rg8 Kh7 50. Rg4 Rxh3 51. Ke4 Kh8
52. Rg5 Kh7 53. Kf5 Kh8 54. Ke5 Kh7 55. Kd4 Kh8 56. Rg4 Rh2 57. Rg3 Kh7 58. Rg5
Kh8 59. Rg4 Kh7 60. Rg3 Kh8 61. Kc3 Kh7 62. Kd3 Kh8 63. Rf3 Kg8 64. Rf4 Kh8 65.
Rf7 Kg8 66. Rc7 Kh8 67. Ke4 Kg8 68. Rb7 Kh8 69. Ke5 Kg8 70. Rc7 Kh8 71. Kd4 Kg8
72. Kc3 Kh8 73. Kd3 Kg8 74. Ke4 Kh8 75. Rb7 Kg8 76. Kd3 Kh8 77. Re7 Kg8 78. Rd7
Kh8 79. Rd8+ Kg7 80. Rd7+ Kh6 81. Rd5 Kh7 82. Rd7+ Kh8 83. Rd8+ Kg7 84. Rd7+
Kh6 85. Rd6+ Kh7 86. Rd7+ Kh8 1/2-1/2

[Event "ICS rated standard match"]
[Site "204.178.125.65"]
[Date "2000.06.14"]
[Round "?"]
[White "Hossa"]
[Black "star"]
[Result "0-1"]
[WhiteElo "2409"]
[BlackElo "2527"]
[PlyCount "112"]
[EventDate "2000.??.??"]

1. d4 e6 2. Nc3 d5 3. e4 Bb4 4. exd5 exd5 5. a3 Bxc3+ 6. bxc3 Nf6 7. Qe2+ Be6
8. Qb5+ Nc6 9. Qxb7 Bd7 10. Bf4 O-O 11. Bxc7 Re8+ 12. Ne2 Qe7 13. Bg3 Ne4 14.
Qb3 Rac8 15. Bf4 Bg4 16. f3 Bxf3 17. gxf3 Qh4+ 18. Bg3 Nxg3 19. hxg3 Qxh1 20.
Qxd5 Ne7 21. Qe4 g6 22. Qh4 Qxf3 23. Qf4 Qc6 24. Kf2 Nd5 25. Qf3 Re3 26. Qxe3
Nxe3 27. Kxe3 Qb5 28. Kd2 Re8 29. a4 Qg5+ 30. Kd1 Qd5 31. Kd2 Qe6 32. Kd1 Qe3
33. Rb1 Re6 34. Rc1 Rf6 35. Ke1 Rf2 36. Rb1 Qf3 37. Rb8+ Kg7 38. Re8 Rxf1+ 39.
Kd2 Qf2 40. g4 Qe1+ 41. Kd3 Qd1+ 42. Kc4 Qxc2 43. Re7 Qxa4+ 44. Kd3 Qb5+ 45.
Kc2 Qb1+ 46. Kd2 h5 47. Ke3 hxg4 48. Nf4 Qc2 49. Nd3 Rf3+ 50. Ke4 Qxd3+ 51. Ke5
Qb5+ 52. d5 Rf5+ 53. Kd4 Qxd5+ 54. Ke3 Rf3+ 55. Ke2 Qd3+ 56. Ke1 Rf1# {
Hossa checkmated} 0-1